| 000 | 00814nam a2200205 a 4500 | ||
|---|---|---|---|
| 001 | 000029235 | ||
| 005 | 20200930055421.0 | ||
| 008 | 110414s1931 dr a r 000 0 spa d | ||
| 040 |
_aDO-SdBNP _bspa _cBNPHU |
||
| 082 |
_a636 _bM559d |
||
| 100 | 1 |
_aMerens M., Rafael _956131 |
|
| 245 | 1 | 0 |
_aEl desarrollo de la ganadería en la República Dominicana / _cRafael Merens M. |
| 260 |
_aSanto Domingo : _bSecretaria de Estado de Agricultura y Comercio, _c1931. |
||
| 300 |
_a26 p. : _bil., fots. ; _c22 cm. |
||
| 500 | _aIncluye referencias bibliográficas y notas al pie de las páginas | ||
| 590 | _aInventariado, 2018/ YL | ||
| 650 | 4 |
_aGanadería _zRepública Dominicana _91548 |
|
| 710 | 1 |
_aREPÚBLICA DOMINICANA. _bSesretaria de Estado de Agricultura y Comercio _956132 |
|
| 910 | _aValidado. Control de calidad MFF | ||
| 999 |
_c28727 _d28727 |
||